UK industrial and distribution floorspace today (Record no. 107577)

MARC details
000 -LEADER
fixed length control field 01687cad a22002175a 4500
001 - CONTROL NUMBER
control field L140928
008 - FIXED-LENGTH DATA ELEMENTS--GENERAL INFORMATION
fixed length control field 070413s2007 xxk f 000 0 eng d
035 ## - SYSTEM CONTROL NUMBER
System control number (Sirsi) u140928
041 0# - LANGUAGE CODE
Language code of text/sound track or separate title eng
110 2# - MAIN ENTRY--CORPORATE NAME
Corporate name or jurisdiction name as entry element King Sturge
9 (RLIN) 3877
245 00 - TITLE STATEMENT
Title UK industrial and distribution floorspace today
Remainder of title September 2007
Medium [electronic resource]
260 ## - PUBLICATION, DISTRIBUTION, ETC.
Place of publication, distribution, etc. London
Name of publisher, distributor, etc. King Sturge
Date of publication, distribution, etc. 2007
490 #0 - SERIES STATEMENT
Series statement UK Industrial and Distribution Floorspace Today
Volume/sequential designation September 2007
520 ## - SUMMARY, ETC.
Summary, etc. Reports the total level of available industrial floor space across Great Britain to have increased to 21.241 million square metres at June 2007, with the highest increases in central England. This represents a rise of 4.5% (910,000 square metres ) since December 2006. Availability in new buildings increased 14.6% since December 2006. At June 2007, it was 2.604 million square metres across Great Britain. This means that new floor space accounted for 12.3% of total availability at June 2007. Available floor space in large units (of 10,000 square metres and over) was also up, with a rise of 6.2% (340,000 square metres ) to 5.852 million square metres . Speculative development under construction across Great Britain has also increased since the last survey in March 2007, to 1,445,096 square metres across 131 schemes. This represents an 18% increase in floor space under development in July 2007 compared with six months earlier.
590 ## - LOCAL NOTE (RLIN)
Local note KA
651 #4 - SUBJECT ADDED ENTRY--GEOGRAPHIC NAME
Geographic name United Kingdom
Chronological subdivision
690 ## - LOCAL SUBJECT ADDED ENTRY--TOPICAL TERM (OCLC, RLIN)
Topical term or geographic name as entry element PROPERTY-COMMERCIAL PROPERTY-COMMERCIAL PROPERTY MARKET
690 ## - LOCAL SUBJECT ADDED ENTRY--TOPICAL TERM (OCLC, RLIN)
Topical term or geographic name as entry element PROPERTY-INDUSTRIAL PROPERTY
856 40 - ELECTRONIC LOCATION AND ACCESS
Uniform Resource Identifier <a href="https://www.kingsturge.co.uk/">https://www.kingsturge.co.uk/</a>
Public note View the item free of charge at www.kingsturge.co.uk...
942 ## - ADDED ENTRY ELEMENTS (KOHA)
Suppress in OPAC 0
Holdings
Withdrawn status Lost status Source of classification or shelving scheme Damaged status Not for loan Home library Current library Shelving location Date acquired Total Checkouts Full call number Barcode Date last seen Copy number Price effective from Koha item type
    Dewey Decimal Classification     Virtual Virtual Online 18/10/2007   ONLINE PUBLICATION 140928-1001 06/08/2019 1 06/08/2019 Book